| 000 | 00475nam a22001697a 4500 | ||
|---|---|---|---|
| 005 | 20251108165913.0 | ||
| 008 | 250721s1986 xx 000 0 ara d | ||
| 082 | 1 | 4 | _aط/599.73/جما |
| 245 | 1 | 0 | _aالجمال / |
| 264 | 1 |
_aبيروت : _bمكتبة لبنان، _c1986. |
|
| 300 | _a31ص: مص | ||
| 490 | 0 | _aكتب الفراشه ؛ 15 | |
| 650 | 1 | 7 | _aالإبل |
| 653 | _aاطفال مرحلة متوسطة (6-9) سنوات | ||
| 942 |
_2ddc _cBK |
||
| 999 |
_c34408 _d34408 |
||